000
00339 a2200157 4500
001
190505
020
_a
0-521-77533-7
040
_c
Magnum
100
_a
Hancock, Penny
240
1
0
_a
Just good friends
_l
ING
245
1
0
_a
Just good friends
300
_a
64
362
0
_a
1999
697
_a
LITERATURA JUVENIL ESTRANGEIRA
942
_c
BK
999
_c
190505
_d
190505